000 00482nam a2200157 i 4500
001 60626
003 ES-MaACL
005 20230906164255.0
007 t|
008 031105s1917 fr ||||1| fre d
100 1 _aEssen, Leon van der.
_947988
245 1 0 _aPetite histoire de l'invasion et de l'ocupation allemande en Belgique /
_cLeon van der Essen.
260 _a[S.l. :
_bs.n.,
_c1917] (
_eMaçon :
_fProtat Frères)
300 _a125 p. ;
_c19 cm.
852 _aES-MaACL
_jF-3199
999 _c60626
_d60626